| 000 | 00823nam a22002057a 4500 | ||
|---|---|---|---|
| 999 |
_c12540 _d12540 |
||
| 003 | AR-CdUCM | ||
| 008 | 190409b ||||| |||| 00| 0 spa d | ||
| 040 |
_aMUNICIPALIDAD PROVINCIAL DEL CUSCO _cBIBLIOTECA MUNICIPAL DEL CUSCO |
||
| 082 |
_aC / 305.26 / _bC77 |
||
| 100 |
_aCornejo Muñoz de Vera, Rina _930421 |
||
| 245 |
_aTercera edad : _blos marginados de la familia y la sociedad / |
||
| 260 |
_aCusco : _bMunicipalidad del Cusco, _c2000. |
||
| 300 |
_a174 páginas ; _bIlustraciones, _c21 cm. |
||
| 505 | _aContenido: Características familiares -- Características económicas -- Características sociales -- Autonomía -- Autopercepción sobre su situación ... | ||
| 650 |
_aTercera edad _930422 |
||
| 650 |
_aEconómicas _930423 |
||
| 650 |
_aSociales _928612 |
||
| 942 |
_2ddc _cLIBROS |
||
| 945 |
_aacv _d2019-04-09 |
||